2018 World Cup 23 Man Roster - Spain - Statistics

General Stats
  • This quiz has been taken 86 times
  • The average score is 14 of 23
Answer Stats
Hint Answer % Correct
Defender Sergio Ramos
99%
Goalkeeper David de Gea
96%
Defender Gerard Pique
91%
Defender Jordi Alba
87%
Defender Sergio Busquets
85%
Midfielder Andres Iniesta
80%
Forward Diego Costa
80%
Defender Dani Carvajal
72%
Midfielder Isco
67%
Midfielder Koke
67%
Defender Nacho
67%
Goalkeeper Pepe Reina
64%
Midfielder David Silva
63%
Forward Iago Aspas
60%
Goalkeeper Kepa Arrizabalaga
60%
Defender Cesar Azpilicueta
53%
Midfielder Marco Asensio
53%
Forward Lucas Vazquez
41%
Midfielder Thiago Alcantara
36%
Defender Nacho Monreal
32%
Forward Rodrigo Moreno
29%
Midfielder Saul Niguez
29%
Defender Alvaro Odriozola
27%
No matching quizzes found
Score Distribution
Percent of People with Each Score
Percentile by Number Answered
Your Score History
You have not taken this quiz